Respiratory care sciences : an integrated approach /

Bibliographic Details
Main Author: Wojciechowski, William V.
Other Authors: Davis, William Bradshaw
Format: Book
Language:English
Published: New York : Wiley, [1985]
Series:Wiley medical publication.
Subjects:

MARC

Tag First Indicator Second Indicator Subfields
LEADER 00000pam a2200000 a 4500
001 in00000562021
005 20151014070307.0
008 841130s1985 nyua b 00110 eng d
010 |a  84027076  
020 |a 0471885231 
035 |a (OCoLC)11519475 
035 |9 ACN9145AM 
039 0 |a 2  |b 3  |c 3  |d 3  |e 3 
040 |a DNLM/DLC  |c DLC  |d TXA  |d UtOrBLW 
049 |a TXAM  |c [A09112487] 
050 1 0 |a RC735.I5  |b W65 1985 
060 0 |a WB 342 W847r 
082 0 |a 615.8/42  |2 19 
100 1 |a Wojciechowski, William V. 
245 1 0 |a Respiratory care sciences :  |b an integrated approach /  |c William V. Wojciechowski, with contributions by William Bradshaw Davis. 
264 1 |a New York :  |b Wiley,  |c [1985] 
264 4 |c ©1985 
300 |a xv, 324 pages :  |b illustrations ;  |c 25 cm. 
336 |a text  |b txt  |2 rdacontent 
337 |a unmediated  |b n  |2 rdamedia 
338 |a volume  |b nc  |2 rdacarrier 
490 1 |a Wiley medical publication 
504 |a Includes bibliographies and index. 
650 0 |a Respiratory therapy. 
650 0 |a Medical sciences. 
650 2 |a Respiratory Therapy. 
700 1 |a Davis, William Bradshaw. 
830 0 |a Wiley medical publication. 
999 |a MARS 
999 f f |s 8542c053-1d8b-31ef-919c-70d1a7bca0f8  |i f0c5fef7-8efa-32b4-8ee4-3997af0faac9  |t 0 
952 f f |p ric  |a Texas A&M University  |b Rellis Campus  |c Joint Library Facility  |d Remote Storage  |t 0  |e RC735.I5 W65 1985  |h Library of Congress classification  |i unmediated -- volume  |m A14809112487 
998 f f |a RC735.I5 W65 1985  |t 0  |l Remote Storage